Sự thật trần trụi Tiểu thuyết

保存先:
書誌詳細
第一著者: Crichton, Michael
その他の著者: Thu Hương (Dịch)
フォーマット: 図書
出版事項: H. Văn học 2001
主題:
タグ: タグ追加
タグなし, このレコードへの初めてのタグを付けませんか!
Thư viện lưu trữ: Mạng thư viện Đại học Đà Nẵng
LEADER 01127nam a22003618a 4500
001 000014630
003 11000
005 20120509090559.0
008 120509s2001 b 000 0 od
020 |c 60000đ  |d 1000b 
041 0 |a 0107 
041 0 |a dịch mỹ 
080 |a N(711)3=V 
082 |a 823  |b CR-M 
084 |a V6(7M)6-44  |b S000ự 
100 1 |a Crichton, Michael 
245 1 0 |a Sự thật trần trụi  |b Tiểu thuyết  |c Michael Crichton ; Người dịch: Thu Hương 
260 |a H.  |b Văn học  |c 2001 
300 |a 601tr  |c 21cm 
653 |a Tiểu thuyết 
653 |a Văn học hiện đại 
653 |a Mỹ 
700 1 |a Thu Hương  |e Dịch 
OWN |a LSP 
AVA |a UDN50  |b LSP  |d 823 CR-M  |e available  |t Error 5001 Not defined in file expand_doc_bib_avail.  |f 3  |g 0  |h N  |i 0  |k 1 
999 |a From the UDN01 
AVA |a UDN50  |b LSP  |d 823 CR-M  |e available  |t Error 5001 Not defined in file expand_doc_bib_avail.  |f 3  |g 0  |h N  |i 0  |k 1 
TYP |a Monograph 
TYP |a Printed language 
980 |a Mạng thư viện Đại học Đà Nẵng